00208nam a22000857a 4500082001800000100003100018245002300049260003900072300001100111 a297.297 bDIL aDilawari Abul Qasmi Rafeeq aAaima - I- Talbees aDeobandbFaisal Publicationsc1997 a448 P.